000
00509nam a2200133Ia 4500
008
100328s9999 xx 000 0 und d
082
_b
54181
100
_a
चौधरी बनवारीलाल
245
_a
संत्र्याची लागवड व व्यापार
260
_b
उदयम
630
_a
संत्र्याची लागवड व व्यापार
730
_a
संत्र्याची लागवड व व्यापार
942
_c
BOOK
999
_c
540904
_d
540901